000 00975nam a22002897a 4500
001 9889
003 FISKH
005 20260312101413.0
008 260312b cb ||||| |||| 00| 0 eng d
020 _a9780710509048
040 _aFISKH
_beng
_cFISKH
_dFISKH
050 _aPZ7
082 _a398.2
100 _aAndersen, Hans Christian
_eAuthor
245 _aThe ugly duckling /
_cIllustrated by Jenny Press
260 _aBridlington :
_bPeter Haddock Ltd ,
_c1996
300 _a18 unnumbered pages :
_bcolor illustrations ;
_c16 cm
490 _aThe forever series
505 _aJ
520 _aA young duckling who looks different from the others is teased and rejected. After many hardships, he grows into a beautiful swan and finally finds acceptance and happiness.
521 8 _a450
_bLexile estimate
521 8 _aJ
_bRaz-Plus
650 _aFairy tales
_vFolklore
650 _aAnimals
_vSelf-acceptance
942 _2ddc
_cBK
_n0
999 _c9889
_d9889